| LEADER | 01082nam a2200181 4500 | ||
|---|---|---|---|
| 082 | |a 516 |b H 312 h | ||
| 100 | |a . | ||
| 245 | |a Hình học 11 nâng cao/ |c Đoàn Quỳnh tổng chủ biên, Văn Như Cương chủ biên, Phạm Vũ Khuê, Bùi Văn Nghị.- | ||
| 260 | |a H.: |b Giáo dục, |c 2006.- | ||
| 300 | |a 135tr.; |c 24cm | ||
| 520 | |a . | ||
| 653 | |a Hình học | ||
| 942 | |2 ddc |c STK0 | ||
| 999 | |c 12094 |d 12094 | ||
| 952 | |0 0 |1 0 |2 ddc |4 0 |6 516_000000000000000_H_312_H |7 0 |8 500 |9 102866 |a qbu |b qbu |c D3 |d 2015-12-14 |g 5200 |o 516 H 312 h |p 11489.c1 |r 0000-00-00 |w 2015-12-14 |y STK0 | ||
| 952 | |0 0 |1 0 |2 ddc |4 0 |6 516_000000000000000_H_312_H |7 0 |8 500 |9 102868 |a qbu |b qbu |c D3 |d 2015-12-14 |g 5200 |l 3 |m 3 |o 516 H 312 h |p 11489.c2 |r 2020-06-23 |s 2020-06-09 |w 2015-12-14 |y STK0 | ||
| 952 | |0 0 |1 0 |2 ddc |4 0 |6 516_000000000000000_H_312_H |7 0 |8 500 |9 102870 |a qbu |b qbu |c D3 |d 2015-12-14 |g 5200 |l 1 |m 1 |o 516 H 312 h |p 11489.c3 |r 2020-09-23 |s 2020-09-17 |w 2015-12-14 |y STK0 | ||
| 952 | |0 0 |1 0 |2 ddc |4 0 |6 516_000000000000000_H_312_H |7 0 |8 500 |9 102872 |a qbu |b qbu |c D3 |d 2015-12-14 |g 5200 |l 2 |m 1 |o 516 H 312 h |p 11489.c4 |r 2017-03-20 |s 2017-02-27 |w 2015-12-14 |y STK0 | ||